000 00318nam a2200121Ia 4500
008 240731s9999 xx 000 0 und d
022 _a2641-0397
245 0 _aSexual and Reproductive Health Matters
260 _bTaylor & Francis
856 _uhttps://www.tandfonline.com/loi/zrhm21
942 _2ddc
942 _cTFEJ
999 _c79388
_d79388
945 _a1
_bMadushi Gamage
_c1
_dMadushi Gamage